000 00582nam a2200265Ia 4500
005 20260306164542.0
008 008 260114s9999 xx 000 0 eng d
020 _a9780300133240
037 _aEBOOK
040 _aCRL
040 _beng
040 _cCRL
041 _2eng
041 _aeng
084 _qCRL
100 _aCitron
_91131041
245 0 _aJerry Herman
260 _bYale University Press
260 _c2013
650 _aMusic
856 _uhttps://academic.oup.com/book/22363
942 _cEBOOK
999 _c1714484
_d1714484